|
|
|
|
| LEADER |
00701nta a2200169 i 4500 |
| 001 |
dipl59880 |
| 005 |
20161028114306.0 |
| 008 |
161028s2015 hu om 0|| zxx d |
| 040 |
|
|
|a SZTE Diploma Repozitórium
|b hun
|
| 041 |
|
|
|a zxx
|
| 100 |
1 |
|
|a Kuti Sándor
|
| 245 |
1 |
0 |
|a Ösztron-triazol konjugátumok szintézise szteránvázas oxetánból kiindulva
|h [elektronikus dokumentum] /
|c Sándor Kuti
|
| 246 |
1 |
0 |
|a Synthesis of estrone-triazole conjugates from a steroidal oxetane
|h [elektronikus dokumentum]
|
| 260 |
|
|
|c 2015
|
| 650 |
|
4 |
|a Természettudományok
|
| 700 |
1 |
|
|a Wölfling János
|e ths
|
| 856 |
4 |
0 |
|u http://diploma.bibl.u-szeged.hu/id/eprint/59880/1/2016_Kuti_S%C3%A1ndor_KUSTAAT_SZE_SZ.pdf
|z Dokumentum-elérés
|